00468nam a2200193 a 4500001001300000003000900013005001700022008004100039020000800080082001600088100002600104245001100130260003800141300000800179500003500187505001000222650001600232700002600248nice12345678IN_TiNIC20260116012923.0050524s1952 hyda grp 000 0 urd  ac400a891.41bMUK aMukhlis, Mohabbat Naz aAahang aHyderabadbNizam Governmentc1952 a92p aincludes index and biblioraphy2 aIndex aUrdu-Poetry1 aMukhlis, Mohabbat Naz